| 000 | 01274cab a2200289 4500 | ||
|---|---|---|---|
| 001 | ABS60609 | ||
| 008 | 090401t1999 xxu||||| |||| 00| 0 eng d | ||
| 035 | _a(Sirsi) u93670 | ||
| 041 | _aeng | ||
| 100 | _aAtkinson, D. | ||
| 245 | _aSteps for putting defects to rights | ||
| 260 | _c1999 | ||
| 350 | _a0 | ||
| 490 |
_aConstruction News _v(6614) 6 May 1999, 28(1) |
||
| 520 | _aConsiders whether employers have the right to recover damages for defective work. Defects are a common problem on construction projects, and are usually remedied at the expense of the contractor. The question which arises is whether these provisions take the place of the employer's right to damages. Discusses with reference to William Tonkinson & Sons Ltd v the Parochial Church Council of St Michael and others (1990), and Pearce & High Ltd v Baxter (1999). | ||
| 650 | _aCONTRACT CLAIMS | ||
| 650 | _aDAMAGES | ||
| 650 | _aDEFECTIVE WORK | ||
| 650 | _aDEFECTS LIABILITY PERIOD | ||
| 650 | _aJCT MINOR WORKS AGREEMENT | ||
| 650 | _aMEASURE OF DAMAGES | ||
| 650 | _aPEARCE & HIGH LTD V BAXTER | ||
| 650 | _aWILLIAM TONKINSON & SONS LTD V PAROCHIAL CHURCH COUNCIL OF ST MICHAEL | ||
| 690 | _aBUILT ENVIRONMENT-BUILDING CONTRACT FORMS | ||
| 942 | _n0 | ||
| 948 | _c01/06/1999 | ||
| 999 |
_c59368 _d59368 |
||